000 00787nam a2200265Ia 4500
001 Para_4735
003 CHAP
008 220125s1920 xx 000 0 und d
010 _a203209
040 _cCHAP
090 _aPA FOLLETO 2136
100 _aGuyton, T. L.
_951905
245 _aThe chyysanthemum gall midge :
_b Diarthronomyia hypogaea F. Low /
_c T. L. Guyton
260 _aWooster, Ohio :
_b Agricultural Experiment Station
300 _ap. 103-114
440 _aOhio. Agr. Exp. Sta. Bull; 341
_9168869
650 _aCrisantemo
_x Plagas Oiarthronomyia hypogaea
_9168870
901 _aPA FOLLETO 2136
902 _aA
905 _a0000001920 WOO 0000000000 00
910 _a1920
942 _cPARA
942 _cPARA
_d1
999 _c203209
_d203209